| 000 | 00573cam a22002053a 4500 | ||
|---|---|---|---|
| 001 | 44904 | ||
| 003 | PGUSA | ||
| 005 | 20140828084026.0 | ||
| 008 | 140214s2014||||xxu|||||s|||||000 | eng d | ||
| 040 |
_aPGUSA _beng |
||
| 042 | _adc | ||
| 245 | 1 | 0 |
_aMrs. Caudle's Curtain Lectures _h[electronic resource] / _cAnonymous |
| 260 |
_bProject Gutenberg, _c2014 |
||
| 506 | _aPublic domain in the USA. | ||
| 516 | _aElectronic text | ||
| 700 | 1 |
_aLeech, John, _d1817-1864 |
|
| 830 | 0 |
_aProject Gutenberg _v44904 |
|
| 856 | 4 | 0 | _uhttp://www.gutenberg.org/ebooks/44904 |
| 942 | _cEB | ||
| 999 |
_c274155 _d274155 |
||